Structural changes of Ce-Pr-O oxides in hydrogen : A study by in situ X-ray diffraction and Raman spectroscopy /

में बचाया:
ग्रंथसूची विवरण
अन्य लेखक: Duprez, Daniel., Gerard, Francois., Kappenstein, Charles., Mesnard, Danielle, Rossignol, Sylvie.
स्वरूप: लेख
भाषा:English
विषय:
टैग : टैग जोड़ें
कोई टैग नहीं, इस रिकॉर्ड को टैग करने वाले पहले व्यक्ति बनें!
Thư viện lưu trữ: Thư viện Trường Đại học Đà Lạt
LEADER 01083nam a2200349 4500
001 DLU090095751
005 ##20091201
040 # # |a DLU  |b eng 
041 # # |a eng 
044 # # |a us 
245 # # |a Structural changes of Ce-Pr-O oxides in hydrogen : A study by in situ X-ray diffraction and Raman spectroscopy /  |c Sylvie Rossignol ... [et al.]. 
653 # # |a Calcination 
653 # # |a Coprecipitation 
653 # # |a Inorganic compounds 
653 # # |a Lattice parameters 
653 # # |a Praseodymium oxides 
653 # # |a Rare earth compounds 
700 # # |a Duprez, Daniel.  
700 # # |a Gerard, Francois. 
700 # # |a Kappenstein, Charles. 
700 # # |a Mesnard, Danielle 
700 # # |a Rossignol, Sylvie. 
773 # # |t Journal of Materials Chemistry  |g Vol. 13, no. 12 (2003), p. 3017-3020 
920 # # |a Phòng Tạp chí -- Trung tâm Thông tin - Thư viện Trường Đại học Đà Lạt 
994 # # |a DLU 
900 # # |a True 
911 # # |a Trương Bảo Trâm Anh 
925 # # |a G 
926 # # |a A 
927 # # |a BB 
980 # # |a Thư viện Trường Đại học Đà Lạt